| 000 | 00416nam a22001817a 4500 | ||
|---|---|---|---|
| 003 | OSt | ||
| 005 | 20260316183735.0 | ||
| 008 | 260316b |||||||| |||| 00| 0 eng d | ||
| 040 | _cFLL | ||
| 041 |
_aENG _dENG |
||
| 100 |
_aSEERVAI, S.M _91132223 |
||
| 245 | _aCONSTITUTION OF INDIA | ||
| 250 | _a4th | ||
| 260 |
_aNEW DELHI _bLAW AND JUSTICE _c2025 |
||
| 300 | _a967 | ||
| 490 | _v1,2,3 | ||
| 942 |
_2CC _cTB _n0 |
||
| 999 |
_c1715561 _d1715561 |
||